Normal view
MARC view
Entry Topical Term
001 - CONTROL NUMBER
- control field: 21866
003 - CONTROL NUMBER IDENTIFIER
- control field: ARRUPE
005 - DATE AND TIME OF LATEST TRANSACTION
- control field: 20160127152016.0
008 - FIXED-LENGTH DATA ELEMENTS
- fixed length control field: 160127|| aca||aabn | a|a d
040 ## - CATALOGING SOURCE
- Original cataloging agency: ARRUPE
- Transcribing agency: ARRUPE
150 ## - HEADING--TOPICAL TERM
- Topical term or geographic name as entry element: Nature photography.
670 ## - SOURCE DATA FOUND
- Source citation: Work cat.: (ARRUPE)0: Schillings, C. G. (Carl Georg), 1865-1921. 21865, In wildest Africa /, 1907.